| Tag |
First Indicator |
Second Indicator |
Subfields |
| LEADER |
00000cam a2200000 a 4500 |
| 001 |
in00003487513 |
| 005 |
20151206122814.0 |
| 008 |
820109s1981 enk 00010 eng |
| 010 |
|
|
|a 81153539
|
| 015 |
|
|
|a GB***
|
| 020 |
|
|
|a 0856353523 (pbk.) :
|
| 039 |
0 |
|
|a 2
|b 3
|c 3
|d 3
|e 3
|
| 040 |
|
|
|d UtOrBLW
|
| 082 |
0 |
|
|a 821/.914
|2 19
|
| 090 |
|
|
|a PR6052.R236
|b D7
|
| 100 |
1 |
|
|a Brackenbury, Alison.
|
| 245 |
1 |
0 |
|a Dreams of power and other poems /
|c Alison Brackenbury.
|
| 264 |
|
1 |
|a Manchester [Lancashire] :
|b Carcanet New Press,
|c 1981.
|
| 300 |
|
|
|a 103 pages ;
|c 20 cm.
|
| 336 |
|
|
|a text
|b txt
|2 rdacontent
|
| 337 |
|
|
|a unmediated
|b n
|2 rdamedia
|
| 338 |
|
|
|a volume
|b nc
|2 rdacarrier
|
| 999 |
|
|
|a MARS
|
| 999 |
f |
f |
|s 8655f0d5-d607-3404-8ed6-010413bad956
|i 809c655f-6a86-346a-a32c-9002d31bd850
|t 0
|
| 952 |
f |
f |
|p ric
|a Texas A&M University
|b Rellis Campus
|c Joint Library Facility
|d Remote Storage
|t 0
|e PR6052.R236 D7
|h Library of Congress classification
|i unmediated -- volume
|m 32060004536104
|
| 998 |
f |
f |
|a PR6052.R236 D7
|t 0
|l Remote Storage
|